Une nouvelle civilisation? : Hommage à Georges Friedmann

সংরক্ষণ করুন:
গ্রন্থ-পঞ্জীর বিবরন
বিন্যাস: গ্রন্থ
ভাষা:Undetermined
প্রকাশিত: New York Gallimard 1973
ট্যাগগুলো: ট্যাগ যুক্ত করুন
কোনো ট্যাগ নেই, প্রথমজন হিসাবে ট্যাগ করুন!
Thư viện lưu trữ: Trung tâm Học liệu Trường Đại học Cần Thơ
LEADER 00388nam a2200145Ia 4500
001 CTU_79225
008 210402s9999 xx 000 0 und d
082 |a 084 
082 |b N934 
245 0 |a Une nouvelle civilisation? : 
245 0 |b Hommage à Georges Friedmann 
260 |a New York 
260 |b Gallimard 
260 |c 1973 
980 |a Trung tâm Học liệu Trường Đại học Cần Thơ